| 000 | 00447pab a2200157 454500 | ||
|---|---|---|---|
| 008 | 180718b2011 xxu||||| |||| 00| 0 eng d | ||
| 100 | _aKincaid, John | ||
| 245 | _aThe U.S. Advisory Commission on intergovernmental relations: Unique artifact of a bygone era | ||
| 260 | _c2011 | ||
| 300 | _ap.181-189. | ||
| 362 | _aMar-Apr | ||
| 650 | _aIntergovernmental relations | ||
| 773 | _aPublic Administration Review | ||
| 908 | _aN | ||
| 909 | _a92310 | ||
| 999 |
_c92310 _d92310 |
||